| 000 -ლიდერი |
| ფიქსირებული სიგრძის საკონტროლო ველი |
01424nam a2200265Ia 4500 |
| 001 - საკონტროლო ნომერი |
| საკონტროლო ველი |
20884 |
| 003 - საკონტროლო ნომრის იდენტიფიკატორი |
| საკონტროლო ველი |
GE_BSU |
| 005 - ბოლო ოპერაციის თარიღი და დრო |
| საკონტროლო ველი |
20200521135438.0 |
| 008 - ფიქსირებული სიგრძის მონაცემთა ელემენტები - ზოგადი ინფორმაცია |
| ფიქსირებული სიგრძის საკონტროლო ველი |
181216s2016 xx |||||||||||||| ||geo|| |
| 020 ## - წიგნის საერთაშორისო სტანდარტული ნომერი |
| International Standard Book Number |
9789941947827 |
| 040 ## - კატალოგიზაციის წყარო |
| Transcribing agency |
GE_BSU |
| 041 ## - ენის კოდი |
| Language code of text/sound track or separate title |
geo |
| 080 ## - უნივერსალური ათობითი კლასიფიკაციის ინდექსი |
| Universal Decimal Classification number |
340.6+343.132 ლ -81 |
| 100 ## - მთავარი ჩანაწერი - პიროვნების სახელი |
| Personal name |
ლომსაძე, მალხაზ. |
| 9 (RLIN) |
562 |
| 245 ## - ცნობა სათაურის შესახებ |
| Title |
ექსპერტიზის დანიშვნის საფუძველი, სახეები და ექსპერტის წინაშე დასასმელი კითხვები გამოძიების პროცესში / |
| Statement of responsibility, etc |
მალხაზ ლომსაძე ; რედ . ბადრი ბიწაძე. |
| 250 ## - გამოცემის ცნობა |
| Edition statement |
მე-4 შესწორებული და გადამუშავებული გამოცემა |
| 264 ## - წარმოების, გამოცემის, დისტრიბუციის და სხვა ცნობები |
| გამოცემის, წარმოების, დისტრიბუციის... ადგილი |
თბილისი : |
| გამოცემის, წარმოების, დისტრიბუციის... სახელწოდება |
ბონა კაუზა, |
| გამოცემის, წარმოების, დისტრიბუციის... თარიღი |
2016 |
| 300 ## - ფიზიკური აღწერა |
| Extent |
175 გვ .: |
| Dimensions |
19 სმ. |
| 440 ## - სერიის ცნობა / დამატებულია ჩანაწერი - სათაური |
| Title |
იურისტის ბიბლიოთეკა |
| 9 (RLIN) |
137 |
| 504 ## - BIBLIOGRAPHY, ETC. NOTE |
| Bibliography, etc |
ბიბლიოგრ.: გვ. 165-167 |
| 653 ## - INDEX TERM--UNCONTROLLED |
| Uncontrolled term |
სამართალი |
| 653 ## - INDEX TERM--UNCONTROLLED |
| Uncontrolled term |
სასამართლო ექსპერტიზა. დანაშაულის გამოძიება |
| 700 ## - ADDED ENTRY--PERSONAL NAME |
| Personal name |
ბიწაძე, ბადრი |
| Relator term |
რედაქტორი |
| 9 (RLIN) |
8146 |
| 942 ## - ADDED ENTRY ELEMENTS (KOHA) |
| Koha item type |
წიგნი |
| Source of classification or shelving scheme |
|